[Event "DVM U16 2019"]
[Site "Magdeburg GER"]
[Date "2019.12.28"]
[Round "4"]
[White "Lohvinov, Petro"]
[Black "Haufe, Laurin"]
[Result "1-0"]
[Termination "normal"]
[Board "2.2"]
[WhiteElo "2032"]
[BlackElo "2022"]
[WhiteClock "01:09:56"]
[BlackClock "00:55:16"]
[WhiteTeam "SK München Südost"]
[BlackTeam "Schachgemeinschaft Leipzig"]
[PlyCount "43"]
[WhiteFideId "14176661"]
[BlackFideId "12976504"]
[EventCountry "GER"]
[EventRounds "7"]
[EventType "team-swiss"]
[EventDate "2019.12.26"]

1. e4 {[%clk 1:30:58]} c5 {[%clk 1:30:57]} 2. Nf3 {[%clk 1:31:23]} d6 {[%clk
1:31:23]} 3. d4 {[%clk 1:31:49]} cxd4 {[%clk 1:31:48]} 4. Nxd4 {[%clk 1:32:18]}
Nf6 {[%clk 1:32:09]} 5. Nc3 {[%clk 1:32:46]} a6 {[%clk 1:32:30]} 6. Be3 {[%clk
1:33:12]} e5 {[%clk 1:32:23]} 7. Nb3 {[%clk 1:33:40]} Be6 {[%clk 1:32:36]} 8.
f3 {[%clk 1:33:52]} Be7 {[%clk 1:32:59]} 9. Qd2 {[%clk 1:34:17]} b5 {[%clk
1:32:41]} 10. O-O-O {[%clk 1:34:31]} O-O {[%clk 1:33:02]} 11. g4 {[%clk
1:34:41]} Nbd7 {[%clk 1:32:16]} 12. g5 {[%clk 1:34:58]} Nh5 {[%clk 1:32:17]}
13. Ne2 {[%clk 1:29:23]} a5 {[%clk 1:21:21]} 14. Ng3 {[%clk 1:18:01]} Nf4
{[%clk 1:17:10]} 15. Bxb5 {[%clk 1:14:05]} a4 {[%clk 1:14:11]} 16. Nd4 {[%clk
1:12:49]} Bxg5 {[%clk 1:07:30]} 17. Nxe6 {[%clk 1:10:40]} Nxe6 {[%clk 0:56:25]}
18. Bxg5 {[%clk 1:10:41]} Nxg5 {[%clk 0:56:42]} 19. Bxd7 {[%clk 1:09:57]} Qxd7
{[%clk 0:56:11]} 20. Qxg5 {[%clk 1:10:13]} Qb5 {[%clk 0:54:54]} 21. Nf5 {[%clk
1:09:56]} g6 {[%clk 0:55:16]} 22. Qf6 1-0

[Event "DVM U16 2019"]
[Site "Magdeburg GER"]
[Date "2019.12.28"]
[Round "4"]
[White "Emmerich, Julian"]
[Black "Klahold, Rona"]
[Result "1-0"]
[Termination "normal"]
[Board "4.4"]
[WhiteElo "1270"]
[BlackElo "1541"]
[WhiteClock "00:13:49"]
[BlackClock "00:13:14"]
[WhiteTeam "SF Neuberg"]
[BlackTeam "SK Blauer Springer Paderborn 1926 e. V."]
[PlyCount "90"]
[WhiteFideId "16274822"]
[BlackFideId "16222970"]
[EventCountry "GER"]
[EventRounds "7"]
[EventType "team-swiss"]
[EventDate "2019.12.26"]

1. e4 {[%clk 1:30:58]} e5 {[%clk 1:30:46]} 2. Nf3 {[%clk 1:31:22]} Nc6 {[%clk
1:30:53]} 3. d4 {[%clk 1:31:46]} exd4 {[%clk 1:30:59]} 4. Nxd4 {[%clk 1:32:11]}
Qh4 {[%clk 1:30:59]} 5. Nc3 {[%clk 1:31:40]} Bb4 {[%clk 1:30:55]} 6. Be2 {[%clk
1:30:10]} Qxe4 {[%clk 1:28:43]} 7. Ndb5 {[%clk 1:14:50]} Kd8 {[%clk 1:23:27]}
8. O-O {[%clk 1:09:37]} Bxc3 {[%clk 1:18:56]} 9. Nxc3 {[%clk 1:00:54]} Qd4
{[%clk 1:16:44]} 10. Bd3 {[%clk 0:59:14]} d6 {[%clk 1:07:33]} 11. Nb5 {[%clk
0:50:46]} Qf6 {[%clk 1:05:56]} 12. Re1 {[%clk 0:46:43]} Nge7 {[%clk 1:02:58]}
13. Bd2 {[%clk 0:44:59]} Bf5 {[%clk 0:56:39]} 14. Bc3 {[%clk 0:38:22]} Qg6
{[%clk 0:50:45]} 15. Re3 {[%clk 0:34:17]} Nd5 {[%clk 0:38:55]} 16. Bxf5 {[%clk
0:32:12]} Nxe3 {[%clk 0:32:13]} 17. Bxg6 {[%clk 0:31:50]} Nxd1 {[%clk 0:29:37]}
18. Bxg7 {[%clk 0:32:07]} Rg8 {[%clk 0:28:42]} 19. Bf6+ {[%clk 0:32:30]} Ne7
{[%clk 0:27:58]} 20. Bxh7 {[%clk 0:29:43]} Re8 {[%clk 0:25:35]} 21. Rxd1 {[%clk
0:27:28]} Kd7 {[%clk 0:25:44]} 22. Bxe7 {[%clk 0:17:01]} Rxe7 {[%clk 0:25:31]}
23. Bf5+ {[%clk 0:17:14]} Kc6 {[%clk 0:25:25]} 24. Nd4+ {[%clk 0:17:30]} Kb6
{[%clk 0:24:50]} 25. Kf1 {[%clk 0:17:27]} Rae8 {[%clk 0:24:46]} 26. Nf3 {[%clk
0:15:53]} Kc5 {[%clk 0:24:09]} 27. Re1 {[%clk 0:15:05]} Rxe1+ {[%clk 0:24:17]}
28. Nxe1 {[%clk 0:15:29]} Kd5 {[%clk 0:23:54]} 29. Nd3 {[%clk 0:15:42]} c5
{[%clk 0:23:07]} 30. f4 {[%clk 0:13:42]} c4 {[%clk 0:21:41]} 31. Ne1 {[%clk
0:13:26]} Kd4 {[%clk 0:21:10]} 32. Kf2 {[%clk 0:13:15]} c3 {[%clk 0:20:01]} 33.
b3 {[%clk 0:13:08]} Re7 {[%clk 0:19:40]} 34. h4 {[%clk 0:12:56]} Rc7 {[%clk
0:19:05]} 35. h5 {[%clk 0:13:03]} Kc5 {[%clk 0:17:26]} 36. Nd3+ {[%clk
0:13:18]} Kb5 {[%clk 0:17:26]} 37. h6 {[%clk 0:13:40]} a5 {[%clk 0:13:27]} 38.
h7 {[%clk 0:14:03]} a4 {[%clk 0:13:50]} 39. h8=Q {[%clk 0:14:28]} axb3 {[%clk
0:14:00]} 40. axb3 {[%clk 0:14:49]} b6 {[%clk 0:13:39]} 41. Qf6 {[%clk
0:15:00]} Ra7 {[%clk 0:13:44]} 42. Qxd6 {[%clk 0:14:46]} Ra2 {[%clk 0:13:46]}
43. Bd7+ {[%clk 0:14:29]} Ka6 {[%clk 0:13:51]} 44. Nb4+ {[%clk 0:13:31]} Ka7
{[%clk 0:13:51]} 45. Qc7+ {[%clk 0:13:49]} Ra5 {[%clk 0:13:14]} 1-0

[Event "DVM U16 2019"]
[Site "Magdeburg GER"]
[Date "2019.12.28"]
[Round "4"]
[White "Bosselmann, Tom Linus"]
[Black "Pahl, Erik"]
[Result "1/2-1/2"]
[Termination "normal"]
[Board "5.1"]
[WhiteElo "2077"]
[BlackElo "2030"]
[WhiteTeam "Lübecker SV von 1873"]
[BlackTeam "Delmenhorster SK V 1931"]
[PlyCount "43"]
[WhiteFideId "12983845"]
[BlackFideId "16201272"]
[EventCountry "GER"]
[EventRounds "7"]
[EventType "team-swiss"]
[EventDate "2019.12.26"]

1. e4 c5 2. Nf3 d6 3. d4 cxd4 4. Nxd4 Nf6 5. Nc3 a6 6. Be2 e5 7. Nb3 Be7 8. Be3
O-O 9. g4 Be6 10. g5 Nfd7 11. Qd2 b5 12. Nd5 Nc5 13. Nxe7+ Qxe7 14. Nxc5 dxc5
15. Rd1 Nc6 16. Qd6 Qxd6 17. Rxd6 Nd4 18. c3 Nc2+ 19. Kd2 Nxe3 20. Kxe3 Rfd8
21. Rxd8+ Rxd8 22. b3 1/2-1/2

[Event "DVM U16 2019"]
[Site "Magdeburg GER"]
[Date "2019.12.28"]
[Round "4"]
[White "Pahl, Theis"]
[Black "Rietschel, Tilo"]
[Result "1/2-1/2"]
[Termination "normal"]
[Board "5.2"]
[WhiteElo "2022"]
[BlackElo "2005"]
[WhiteTeam "Delmenhorster SK V 1931"]
[BlackTeam "Lübecker SV von 1873"]
[PlyCount "106"]
[WhiteFideId "16201264"]
[BlackFideId "16208390"]
[EventCountry "GER"]
[EventRounds "7"]
[EventType "team-swiss"]
[EventDate "2019.12.26"]

1. e4 c5 2. Nf3 d6 3. d4 cxd4 4. Nxd4 Nf6 5. Nc3 g6 6. Be3 Bg7 7. f3 O-O 8. Qd2
Nc6 9. O-O-O d5 10. Qe1 e5 11. Nxc6 bxc6 12. exd5 Nxd5 13. Bc4 Be6 14. Kb1
Nxc3+ 15. Qxc3 Qe7 16. h4 Rfb8 17. h5 a5 18. hxg6 hxg6 19. Bxe6 Qxe6 20. f4 Rb4
21. b3 exf4 22. Bd4 Rxd4 23. Rxd4 Qf6 24. Rhd1 g5 25. Qc4 g4 26. c3 Qf5+ 27.
Qd3 Qxd3+ 28. R4xd3 Kh7 29. Kc2 Re8 30. Rd6 Re2+ 31. R1d2 Re3 32. Rxc6 f3 33.
gxf3 Rxf3 34. Rh2+ Kg8 35. Rc8+ Bf8 36. Kd2 Kg7 37. Ke2 f5 38. Rg2 Be7 39. Rf2
Rxf2+ 40. Kxf2 Kg6 41. c4 f4 42. c5 Kf5 43. c6 Bc5+ 44. Kf1 Ke6 45. Rd8 Bb6 46.
Rf8 Bc7 47. Rg8 g3 48. Kg2 Kd5 49. Rg6 Kc5 50. Kf3 Kd5 51. a3 Kc5 52. b4+ axb4
53. axb4+ Kb5 1/2-1/2

[Event "DVM U16 2019"]
[Site "Magdeburg GER"]
[Date "2019.12.28"]
[Round "4"]
[White "Glinzner, Alva"]
[Black "Rabe, Maximilian"]
[Result "1-0"]
[Termination "normal"]
[Board "5.3"]
[WhiteElo "1812"]
[BlackElo "1569"]
[WhiteTeam "Lübecker SV von 1873"]
[BlackTeam "Delmenhorster SK V 1931"]
[PlyCount "59"]
[WhiteFideId "16206169"]
[BlackFideId "12982911"]
[EventCountry "GER"]
[EventRounds "7"]
[EventType "team-swiss"]
[EventDate "2019.12.26"]

1. e4 e5 2. Nf3 Nc6 3. Bb5 a6 4. Ba4 Nf6 5. d3 b5 6. Bb3 d6 7. c3 Be7 8. h3 O-O
9. O-O Bb7 10. Re1 Na5 11. Bc2 c5 12. Nbd2 Qc7 13. Nf1 Rac8 14. Ng3 Rfe8 15.
Nf5 Bf8 16. Nh2 Kh8 17. Ng4 Nxg4 18. hxg4 Nc6 19. Qf3 Ne7 20. Qh3 Ng6 21. g3
Ne7 22. Nh4 Rcd8 23. Kg2 Bc8 24. Rh1 h5 25. Nf3 f6 26. Qxh5+ Kg8 27. g5 f5 28.
g6 Nxg6 29. Qxg6 f4 30. Ng5 1-0

[Event "DVM U16 2019"]
[Site "Magdeburg GER"]
[Date "2019.12.28"]
[Round "4"]
[White "Alhamid, Mohamad"]
[Black "Bornholdt, Joa Max"]
[Result "1-0"]
[Termination "normal"]
[Board "5.4"]
[WhiteElo "1688"]
[BlackElo "1890"]
[WhiteTeam "Delmenhorster SK V 1931"]
[BlackTeam "Lübecker SV von 1873"]
[PlyCount "81"]
[WhiteFideId "16235665"]
[BlackFideId "16253477"]
[EventCountry "GER"]
[EventRounds "7"]
[EventType "team-swiss"]
[EventDate "2019.12.26"]

1. e4 d6 2. d4 Nf6 3. Nc3 e5 4. Nf3 Nbd7 5. Bc4 c6 6. dxe5 dxe5 7. Ng5 Bb4 8.
Nxf7 Qa5 9. Nxh8 Bxc3+ 10. Kf1 Bb4 11. Nf7 Qc5 12. Qe2 b5 13. Bb3 h6 14. Be3
Qe7 15. c3 Bc5 16. Bxc5 Nxc5 17. Rd1 Nb7 18. Qd3 Bd7 19. f3 c5 20. Nd6+ Nxd6
21. Qxd6 Qxd6 22. Rxd6 Ke7 23. Rd2 Rf8 24. Ke2 c4 25. Bc2 Rb8 26. Rhd1 Rb6 27.
Kf2 g5 28. b3 cxb3 29. axb3 b4 30. cxb4 Rxb4 31. Ra1 Rb7 32. Ra6 Bb5 33. Ra5 a6
34. Bd3 Rb6 35. Bxb5 axb5 36. b4 Ke6 37. Rda2 Ne8 38. Ra6 Rxa6 39. Rxa6+ Nd6
40. Kg3 h5 41. h4 1-0

[Event "DVM U16 2019"]
[Site "Magdeburg GER"]
[Date "2019.12.28"]
[Round "4"]
[White "Krastev, Alexander"]
[Black "Yi, Danny"]
[Result "1-0"]
[Termination "normal"]
[Board "6.1"]
[WhiteTitle "FM"]
[WhiteElo "2323"]
[BlackElo "2182"]
[WhiteTeam "Biebertaler Schachfreunde"]
[BlackTeam "SF 59 Kornwestheim"]
[PlyCount "130"]
[WhiteFideId "12989983"]
[BlackFideId "12988588"]
[EventCountry "GER"]
[EventRounds "7"]
[EventType "team-swiss"]
[EventDate "2019.12.26"]

1. e4 e5 2. Bc4 Nc6 3. Nc3 Nf6 4. d3 Bc5 5. f4 d6 6. Nf3 a6 7. f5 Nd4 8. Nxd4
Bxd4 9. Qf3 c6 10. Ne2 Ba7 11. Bg5 Qa5+ 12. Bd2 Qb6 13. O-O-O Qf2 14. Qxf2 Bxf2
15. Rdf1 Ba7 16. Bb3 h6 17. h3 d5 18. Nc3 dxe4 19. Nxe4 Nxe4 20. dxe4 Bd4 21.
Rf3 a5 22. c3 Bc5 23. Rg3 Kf8 24. Rd1 Be7 25. Be3 Bf6 26. a4 b5 27. Kc2 Ba6 28.
Bb6 bxa4 29. Bxa4 Bb5 30. Bb3 a4 31. Ba2 Bh4 32. Bc5+ Kg8 33. Rg4 Be2 34. Rxh4
Bxd1+ 35. Kxd1 h5 36. Kc2 Rd8 37. g4 hxg4 38. Rxh8+ Kxh8 39. hxg4 Rd7 40. g5 f6
41. Be6 Rb7 42. g6 Rb5 43. Ba3 Rb7 44. Bd6 Rb5 45. Bc4 Ra5 46. Ba3 Ra7 47. Bd3
Rb7 48. Kd2 c5 49. Bc2 Rd7+ 50. Ke3 c4 51. Bxa4 Rd3+ 52. Ke2 Rh3 53. Kd2 Rd3+
54. Kc2 Re3 55. Bc6 Re1 56. Bc5 Rh1 57. b4 cxb3+ 58. Kxb3 Rb1+ 59. Kc4 Rb2 60.
Bb4 Rd2 61. Kb5 Rd8 62. Ba5 Rd1 63. c4 Rb1+ 64. Bb4 Rb2 65. Bb7 Rc2 1-0

[Event "DVM U16 2019"]
[Site "Magdeburg GER"]
[Date "2019.12.28"]
[Round "4"]
[White "Afonso, Nils"]
[Black "Engert, Kiyan"]
[Result "1-0"]
[Termination "normal"]
[Board "6.2"]
[WhiteElo "1955"]
[BlackElo "1730"]
[WhiteTeam "SF 59 Kornwestheim"]
[BlackTeam "Biebertaler Schachfreunde"]
[PlyCount "77"]
[WhiteFideId "12990582"]
[BlackFideId "16214870"]
[EventCountry "GER"]
[EventRounds "7"]
[EventType "team-swiss"]
[EventDate "2019.12.26"]

1. d4 d5 2. c4 e6 3. Nc3 Nf6 4. cxd5 exd5 5. Bg5 Be7 6. e3 O-O 7. Bd3 c6 8. Qc2
Nbd7 9. Nf3 Re8 10. O-O h6 11. Bh4 Nh5 12. Bxe7 Rxe7 13. b4 a6 14. a4 Ndf6 15.
h3 g5 16. b5 axb5 17. axb5 Rxa1 18. Rxa1 g4 19. hxg4 Bxg4 20. Ne5 Qd6 21. bxc6
bxc6 22. Ne2 c5 23. Ra6 Qc7 24. Nc6 c4 25. Nxe7+ Qxe7 26. Bf5 Qb4 27. Ra1 Bxf5
28. Qxf5 Qb2 29. Re1 Qb6 30. Rb1 Qd6 31. Nc3 Ng7 32. Qc8+ Kh7 33. Qb7 Ng4 34.
Qxd5 Qh2+ 35. Kf1 f5 36. Rb7 Qh1+ 37. Ke2 Qh5 38. Qf7 Qg5 39. Nd5 1-0

[Event "DVM U16 2019"]
[Site "Magdeburg GER"]
[Date "2019.12.28"]
[Round "4"]
[White "Grunwald, Jonathan"]
[Black "Kluge, Malte"]
[Result "1-0"]
[Termination "normal"]
[Board "6.3"]
[WhiteElo "1815"]
[BlackElo "1679"]
[WhiteTeam "Biebertaler Schachfreunde"]
[BlackTeam "SF 59 Kornwestheim"]
[PlyCount "85"]
[WhiteFideId "12955744"]
[BlackFideId "16243838"]
[EventCountry "GER"]
[EventRounds "7"]
[EventType "team-swiss"]
[EventDate "2019.12.26"]

1. e4 c5 2. Nc3 Nc6 3. f4 d6 4. Nf3 g6 5. Bb5 Bd7 6. O-O Bg7 7. d3 Nf6 8. Qe1
O-O 9. Qh4 Nd4 10. Bxd7 Nxf3+ 11. Rxf3 Qxd7 12. f5 b5 13. Bh6 Rac8 14. Rh3 e6
15. Bg5 h5 16. Bxf6 Bxf6 17. Qxf6 exf5 18. exf5 Qd8 19. Qxd8 Rcxd8 20. Nd5 Kg7
21. f6+ Kh6 22. Re1 c4 23. Re7 cxd3 24. Rxd3 a5 25. Rc3 Rc8 26. Rxc8 Rxc8 27.
Nc7 Rf8 28. Re8 Rxe8 29. Nxe8 Kh7 30. Nxd6 Kg8 31. Nxb5 Kf8 32. Nd6 g5 33. c4
g4 34. c5 Kg8 35. c6 Kh7 36. c7 Kg6 37. c8=Q Kxf6 38. Kf2 Kg7 39. Ke3 Kf6 40.
Kf4 Kg7 41. Nf5+ Kh7 42. Qf8 h4 43. Qg7# 1-0

[Event "DVM U16 2019"]
[Site "Magdeburg GER"]
[Date "2019.12.28"]
[Round "4"]
[White "Afonso, Phil"]
[Black "Peschel, Julia"]
[Result "0-1"]
[Termination "normal"]
[Board "6.4"]
[WhiteElo "1650"]
[BlackElo "1384"]
[WhiteTeam "SF 59 Kornwestheim"]
[BlackTeam "Biebertaler Schachfreunde"]
[PlyCount "90"]
[WhiteFideId "16207475"]
[BlackFideId "16255593"]
[EventCountry "GER"]
[EventRounds "7"]
[EventType "team-swiss"]
[EventDate "2019.12.26"]

1. e4 e5 2. Nf3 Nc6 3. Bc4 Bc5 4. d3 Nf6 5. c3 a6 6. b4 Ba7 7. O-O d6 8. Re1
O-O 9. Nbd2 Be6 10. Bb3 h6 11. h3 Re8 12. Nf1 d5 13. exd5 Bxd5 14. Ng3 Bxb3 15.
axb3 Qd7 16. Qc2 Rad8 17. Rd1 e4 18. Ne1 e3 19. Nh1 exf2+ 20. Nxf2 Ne4 21. d4
Nxf2 22. Kxf2 Nxd4 23. cxd4 Bxd4+ 24. Kg3 Bf2+ 25. Kxf2 Qxd1 26. Qxd1 Rxd1 27.
Nf3 Re4 28. b5 a5 29. Bb2 Rxa1 30. Bxa1 a4 31. bxa4 Rxa4 32. Be5 Rb4 33. Bxc7
Rxb5 34. Be5 Ra5 35. Ne1 Rxe5 36. Nd3 Re8 37. Nc1 b5 38. Ne2 b4 39. Nc1 f5 40.
Nb3 g5 41. g3 Kg7 42. Nd4 Kf6 43. Nb3 h5 44. Nd4 Rb8 45. Nb3 Rc8 0-1

[Event "DVM U16 2019"]
[Site "Magdeburg GER"]
[Date "2019.12.28"]
[Round "4"]
[White "Kosev, Momchil"]
[Black "Burian, Simon"]
[Result "0-1"]
[Termination "normal"]
[Board "7.1"]
[WhiteElo "1814"]
[BlackElo "2149"]
[WhiteTeam "Erfurter Schachklub"]
[BlackTeam "Schachklub König Plauen"]
[PlyCount "102"]
[WhiteFideId "12975982"]
[BlackFideId "12956902"]
[EventCountry "GER"]
[EventRounds "7"]
[EventType "team-swiss"]
[EventDate "2019.12.26"]

1. d4 Nf6 2. Nf3 g6 3. g3 Bg7 4. Bg2 d6 5. O-O O-O 6. c4 c5 7. Nc3 cxd4 8. Nxd4
a6 9. b3 Qa5 10. Bb2 Ra7 11. Nd5 Nxd5 12. cxd5 Ra8 13. Qe1 Qb6 14. Qd2 Nd7 15.
Rac1 Nc5 16. Rfd1 Bd7 17. e4 Rac8 18. Ba1 a5 19. h3 h5 20. h4 Kh7 21. Rc2 Bh6
22. f4 Bg4 23. Re1 e5 24. dxe6 fxe6 25. e5 dxe5 26. Rxe5 Bg7 27. Re1 Rcd8 28.
Kh2 Bf5 29. Rcc1 Nd3 30. Nxf5 Nxe1 31. Qxe1 Bxa1 32. Rxa1 gxf5 33. Qe2 Kg6 34.
Re1 Rd6 35. Qc4 Re8 36. Re2 Re7 37. Qc8 Rd8 38. Qc4 Rd1 39. Qc8 Kg7 40. Qc3+
Rd4 41. Kh3 Qb4 42. Qe3 Qd6 43. Qf3 Rd3 44. Qf2 Qd4 45. Qxd4+ Rxd4 46. Re5 Kf6
47. Rxa5 Rg7 48. Rc5 Rd3 49. Kh2 Rdxg3 50. Bxb7 R3g4 51. Kh3 Rxb7 0-1

[Event "DVM U16 2019"]
[Site "Magdeburg GER"]
[Date "2019.12.28"]
[Round "4"]
[White "Pivtorak, Illia"]
[Black "Wagner, Margarethe"]
[Result "0-1"]
[Termination "normal"]
[Board "7.2"]
[WhiteElo "1491"]
[BlackElo "1805"]
[WhiteTeam "Schachklub König Plauen"]
[BlackTeam "Erfurter Schachklub"]
[PlyCount "147"]
[WhiteFideId "14194317"]
[BlackFideId "16236947"]
[EventCountry "GER"]
[EventRounds "7"]
[EventType "team-swiss"]
[EventDate "2019.12.26"]

1. d4 Nf6 2. Bf4 g6 3. Nf3 Bg7 4. e3 d6 5. Nbd2 Nbd7 6. Bd3 O-O 7. h4 h5 8. c3
Re8 9. Qc2 Nf8 10. O-O-O Bg4 11. Rdg1 Qd7 12. Nh2 e5 13. Bg5 Bf5 14. e4 Be6 15.
d5 Nxd5 16. exd5 Bxd5 17. c4 Bc6 18. Ne4 f5 19. Nf6+ Bxf6 20. Bxf6 Nh7 21. Bg5
e4 22. Be2 Nxg5 23. hxg5 Qe7 24. Qd2 e3 25. Qxe3 Qxe3+ 26. fxe3 Rxe3 27. Bf3
Rae8 28. Bxc6 bxc6 29. Nf3 R8e4 30. Rh4 f4 31. Nd2 Rd4 32. b3 c5 33. Nf3 Rde4
34. Rhh1 Kf7 35. Re1 Ke6 36. Kd2 Kf5 37. Rxe3 Rxe3 38. Re1 Rxe1 39. Kxe1 Kg4
40. Kf2 h4 41. a3 a5 42. a4 Kh5 43. Nd2 Kxg5 44. Kf3 Kf5 45. Ne4 g5 46. Nf2 c6
47. Ng4 d5 48. Nh6+ Kg6 49. Ng8 Kf7 50. Nh6+ Kg6 51. Ng4 Kf5 52. Nf2 Ke5 53.
Kg4 Kd4 54. Kxg5 dxc4 55. bxc4 Kxc4 56. Kxf4 Kb3 57. Ke3 Kxa4 58. Kd2 Kb3 59.
Kc1 c4 60. Ne4 c3 61. Nc5+ Kc4 62. Nd7 a4 63. Ne5+ Kb3 64. Nxc6 a3 65. Nd4+ Kc4
66. Nc2 Kd3 67. Nxa3 Ke2 68. Nc2 Kf2 69. Kd1 Kxg2 70. Ne3+ Kf3 71. Nf1 h3 72.
Ke1 c2 73. Kd2 Kf2 74. Ne3 0-1

[Event "DVM U16 2019"]
[Site "Magdeburg GER"]
[Date "2019.12.28"]
[Round "4"]
[White "Wagner, Victoria"]
[Black "Hörkner, Nico"]
[Result "1/2-1/2"]
[Termination "normal"]
[Board "7.3"]
[WhiteElo "1797"]
[BlackElo "1699"]
[WhiteTeam "Erfurter Schachklub"]
[BlackTeam "Schachklub König Plauen"]
[PlyCount "131"]
[WhiteFideId "16232348"]
[BlackFideId "12974900"]
[EventCountry "GER"]
[EventRounds "7"]
[EventType "team-swiss"]
[EventDate "2019.12.26"]

1. e4 c5 2. Nf3 e6 3. d4 cxd4 4. Nxd4 a6 5. Bd3 Qc7 6. O-O Nf6 7. Qe2 d6 8. c4
Nbd7 9. f4 b6 10. b4 Bb7 11. Bb2 Be7 12. Nd2 Nb8 13. a3 Nc6 14. N2b3 Nxd4 15.
Nxd4 Rb8 16. Rae1 Nd7 17. Qh5 g6 18. Qe2 Bf6 19. Nb3 e5 20. f5 Rc8 21. Rf3 Ke7
22. Ref1 g5 23. g4 Nb8 24. Bc1 h6 25. Be3 Nd7 26. Qc2 Qb8 27. Qe2 Qa8 28. Bf2
Qb8 29. h3 Rhg8 30. Rg3 Rh8 31. Rc1 Rhd8 32. Qd1 Kf8 33. Bf1 Kg7 34. Rgc3 Be7
35. Re3 Nf6 36. Bd3 Nd7 37. Re2 Nf6 38. Kh2 Nd7 39. Qg1 Bc6 40. Nd2 Ba8 41. Nb1
Re8 42. Nc3 Qc7 43. Rec2 Qb8 44. Nd5 Bxd5 45. cxd5 b5 46. Rc6 Qb7 47. R1c2 Nb8
48. Rxc8 Rxc8 49. Qc1 Rxc2 50. Qxc2 Bd8 51. a4 bxa4 52. Qxa4 Bb6 53. Be1 Ba7
54. Qc2 Qb6 55. Qg2 Qd4 56. Qf1 Kf6 57. Kg2 Qb2+ 58. Qe2 Qd4 59. Bf2 Qxf2+ 60.
Qxf2 Bxf2 61. Kxf2 Ke7 62. Ke1 f6 63. Kd2 Kd7 64. Kc3 Kc7 65. Kb3 Kb6 66. Ka4
1/2-1/2

[Event "DVM U16 2019"]
[Site "Magdeburg GER"]
[Date "2019.12.28"]
[Round "4"]
[White "Elstner, Florian"]
[Black "Seinsoth, Paul"]
[Result "1-0"]
[Termination "normal"]
[Board "7.4"]
[WhiteElo "1487"]
[BlackElo "1629"]
[WhiteTeam "Schachklub König Plauen"]
[BlackTeam "Erfurter Schachklub"]
[PlyCount "121"]
[WhiteFideId "16247264"]
[BlackFideId "12994634"]
[EventCountry "GER"]
[EventRounds "7"]
[EventType "team-swiss"]
[EventDate "2019.12.26"]

1. d4 Nf6 2. c4 e6 3. Nc3 Bb4 4. Qc2 b6 5. Nf3 Bb7 6. e3 O-O 7. Bd2 Qe7 8. a3
Bxc3 9. Bxc3 d6 10. Bd3 Nbd7 11. O-O a5 12. b3 Rfe8 13. e4 e5 14. d5 Nc5 15.
Nd2 Nxd3 16. Qxd3 Nh5 17. Qf3 Nf4 18. Rfe1 Bc8 19. Nf1 Qf6 20. Kh1 Qg6 21. Ng3
Bg4 22. Qe3 h5 23. f3 Bd7 24. Rg1 Qf6 25. Ne2 Nxe2 26. Qxe2 Qg6 27. Rge1 f5 28.
Rf1 f4 29. Kg1 Kf7 30. Kf2 Qf6 31. Ke1 g5 32. h3 Rg8 33. Qd3 g4 34. fxg4 hxg4
35. hxg4 Rxg4 36. Ra2 Rag8 37. Qf3 Qg5 38. Rff2 Rg3 39. Qe2 Re3 40. Qxe3 Rh8
41. Kd2 Rh1 42. Kc2 Bg4 43. Qd2 Rd1 44. Qxd1 Bxd1+ 45. Kxd1 Qh5+ 46. Rae2 Kg6
47. Rf3 Kg5 48. Rh3 Qg4 49. Rh7 Kg6 50. Rxc7 f3 51. gxf3 Qxf3 52. Kd2 Qf4+ 53.
Kc2 Qf3 54. Rd2 Qxe4+ 55. Kb2 Qe3 56. Rc6 Kf5 57. Rxd6 e4 58. Rf6+ Kg4 59. Rg2+
Kh3 60. Rfg6 Qf4 61. R6g3+ 1-0

[Event "DVM U16 2019"]
[Site "Magdeburg GER"]
[Date "2019.12.28"]
[Round "4"]
[White "Kamp, Adrian"]
[Black "Klühs, Gustaf"]
[Result "1-0"]
[Termination "normal"]
[Board "8.1"]
[WhiteElo "1884"]
[BlackElo "1865"]
[WhiteTeam "Schachklub Münster 32 e. V."]
[BlackTeam "SC Borussia Lichtenberg"]
[PlyCount "155"]
[WhiteFideId "16222466"]
[BlackFideId "16228936"]
[EventCountry "GER"]
[EventRounds "7"]
[EventType "team-swiss"]
[EventDate "2019.12.26"]

1. e4 e6 2. d4 d5 3. Nd2 dxe4 4. Nxe4 Nd7 5. Nf3 Ngf6 6. Bd3 Be7 7. O-O O-O 8.
c3 b6 9. Ne5 Bb7 10. Qf3 Nxe5 11. dxe5 Nxe4 12. Bxe4 Bxe4 13. Qxe4 c5 14. Be3
Qc7 15. f4 Rad8 16. Rad1 b5 17. c4 b4 18. Qc2 Qc6 19. f5 exf5 20. Rxd8 Bxd8 21.
Qxf5 g6 22. Qf2 Qc7 23. Bxc5 Be7 24. Bd6 Bxd6 25. exd6 Qxd6 26. Qxa7 Qd2 27.
Qf2 Qd3 28. c5 Qd5 29. b3 Rc8 30. Rc1 Qg5 31. Rc2 Rd8 32. Qe2 Rc8 33. c6 Qd5
34. h3 Rc7 35. Qc4 Qd1+ 36. Kh2 Qd6+ 37. Kh1 Qd1+ 38. Kh2 Qd6+ 39. g3 h5 40. h4
Kg7 41. Qc5 Qd1 42. Rf2 Qe1 43. Qd4+ Kg8 44. Qd8+ Kh7 45. Qf6 Kg8 46. Qf4 Kg7
47. Kg2 Qe7 48. Rc2 Kh7 49. Rc4 Qe2+ 50. Qf2 Qe7 51. Qf3 Qd6 52. Qf4 Rxc6 53.
Qxf7+ Kh6 54. Qf4+ Qxf4 55. Rxf4 Rb6 56. Rc4 Kg7 57. Kf3 Kf6 58. Kf4 Ra6 59.
Rxb4 Rxa2 60. Rb6+ Kf7 61. Kg5 Ra5+ 62. Kh6 Ra3 63. Rxg6 Rxb3 64. Kxh5 Rb8 65.
g4 Rb4 66. Ra6 Kg7 67. Ra7+ Kg8 68. g5 Rb5 69. Kh6 Rb6+ 70. g6 Rb8 71. h5 Kh8
72. g7+ Kg8 73. Ra6 Rc8 74. Rd6 Ra8 75. Re6 Rb8 76. Rf6 Ra8 77. Kg6 Ra6 78. h6
1-0

[Event "DVM U16 2019"]
[Site "Magdeburg GER"]
[Date "2019.12.28"]
[Round "4"]
[White "Kraft, Adrian"]
[Black "Hungeling, David"]
[Result "1/2-1/2"]
[Termination "normal"]
[Board "8.2"]
[WhiteElo "1715"]
[BlackElo "1507"]
[WhiteTeam "SC Borussia Lichtenberg"]
[BlackTeam "Schachklub Münster 32 e. V."]
[PlyCount "75"]
[WhiteFideId "16235010"]
[BlackFideId "16222440"]
[EventCountry "GER"]
[EventRounds "7"]
[EventType "team-swiss"]
[EventDate "2019.12.26"]

1. c4 e6 2. g3 Nf6 3. Bg2 d5 4. cxd5 exd5 5. Nf3 Nc6 6. d3 Bf5 7. O-O Bc5 8. a3
O-O 9. b4 Bb6 10. Bb2 Re8 11. Nc3 a6 12. Rc1 Nd4 13. Nxd4 Bxd4 14. Qc2 c6 15.
Rfd1 Qe7 16. e3 Ba7 17. Re1 d4 18. Nd1 dxe3 19. Nxe3 Bg6 20. Qc3 Qd7 21. Rcd1
Rad8 22. d4 h6 23. d5 Bxe3 24. fxe3 cxd5 25. Bxd5 Qe7 26. e4 Rc8 27. Qd4 Bh5
28. Rd2 Rc7 29. e5 Nxd5 30. Qxd5 Qe6 31. Qe4 Bg6 32. Qf4 Qf5 33. Qd4 Qe6 34.
Qh4 Qe7 35. Qf4 Qe6 36. Rd6 Qf5 37. Qd4 Rce7 38. Re2 1/2-1/2

[Event "DVM U16 2019"]
[Site "Magdeburg GER"]
[Date "2019.12.28"]
[Round "4"]
[White "John, Niklas"]
[Black "Katzenbach, Linus"]
[Result "0-1"]
[Termination "normal"]
[Board "8.3"]
[WhiteElo "1389"]
[BlackElo "1672"]
[WhiteTeam "Schachklub Münster 32 e. V."]
[BlackTeam "SC Borussia Lichtenberg"]
[PlyCount "96"]
[WhiteFideId "16234626"]
[BlackFideId "16257537"]
[EventCountry "GER"]
[EventRounds "7"]
[EventType "team-swiss"]
[EventDate "2019.12.26"]

1. e4 e5 2. Nf3 Nc6 3. Bc4 Bc5 4. d3 Nf6 5. O-O O-O 6. h3 h6 7. Re1 Re8 8. Nbd2
Na5 9. c3 Nxc4 10. Nxc4 d6 11. Be3 Bxe3 12. Rxe3 Be6 13. Ncd2 c6 14. Nf1 Qd7
15. Ng3 g6 16. d4 exd4 17. cxd4 d5 18. Ne5 Qc7 19. Qd2 Kg7 20. f3 Rad8 21. Rf1
h5 22. Qf2 c5 23. Rc3 b6 24. b4 h4 25. Ne2 dxe4 26. Qxh4 Nd5 27. Rcc1 Ne3 28.
Rfe1 exf3 29. gxf3 Nf5 30. Qf2 Qe7 31. bxc5 bxc5 32. Rxc5 Rh8 33. Kh2 Rxh3+ 34.
Kxh3 Nxd4+ 35. Kg2 Qxc5 36. Nc6 Qg5+ 37. Ng3 Nxc6 38. Qb2+ Kg8 39. Re2 Nd4 40.
Rd2 Nf5 41. Rxd8+ Qxd8 42. Ne4 Qd4 43. Qxd4 Nxd4 44. a4 Nxf3 45. Kxf3 Bd5 46.
Kf4 Bxe4 47. Kxe4 a5 48. Ke5 f5 0-1